| 000 | 00339nam a2200133Ia 4500 | ||
|---|---|---|---|
| 005 | 20260328104250.0 | ||
| 008 | 260328s9999||||xx |||||||||||||| ||und|| | ||
| 100 | _aGlusberg, Jorge | ||
| 245 | 0 |
_aBreve Historia de la Arquitectura Argentina / _cJorge Glusberg |
|
| 260 | _bClaridad | ||
| 300 | _a320 p. | ||
| 650 | _aHISTORIA | ||
| 942 | _cBK | ||
| 999 |
_c10226 _d10226 |
||